000 00635nac a22002171ca4500
001 a987674019
008 170707s1980 gw |||| 000u ger d
245 0 0 _aSozialgeschichte der deutschen Schule im Überblick /
_cPeter Lundgreen
264 _aGöttingen :
_bVandenhoeck & Ruprecht,
_c1980-
336 _aText
_btxt
_2rdacontent
337 _aComputermedien
_bc
_2rdamedia
338 _aOnline-Ressource
_bcr
_2rdacarrier
500 _aOnline Ressource, frei zugänglich
648 0 _aSozialgeschichte
650 0 _aSchulwesen
651 0 _aDeutsch
942 _cEB
040 _cRU-10907106
003 RU-10907106
999 _c46037
_d46037